Ischgl Skilifts Quiz - Statistics

General Stats
  • This quiz has been taken 14 times
  • The average score is 37 of 45
Answer Stats
Hint Answer % Correct
E3 Bodenalp
100%
A3 Fimba
100%
E4 Gampen
100%
O1 Greitspitz
100%
C1 Höllboden
100%
C2 Höllkar
100%
C5 Lange Wand
100%
C4 Nachtweide
100%
D1 Palinkopf
100%
E1 Paznauner Thaya
100%
A1 Silvretta
100%
B1 Velill
100%
F1 Velilleck
100%
N2 Visnitz
100%
B2 Flimjoch
86%
B8 Grat
86%
E2 Höllspitz
86%
M2 Muller
86%
A2 Pardatschgrat
86%
F2 Pardorama
86%
E5 Piz Val Gronda
86%
C3 Sassgalun
86%
B5 Sonnen
86%
L1 Twinliner
86%
D2 Zeblas
86%
N5 Alp Trida Eck
71%
N6 Alp Trida Sattel
71%
N1 Flimsattel
71%
M1 Grivalea
71%
B3 Idjoch
71%
L2 Luftseilbahn
71%
G1 Mathon
71%
N3 Milo
71%
G2 Schwarzwasser
71%
B9 Übung
71%
B7 Viderböden
71%
B10 Viderböden
71%
N4 Viderjoch 1
71%
O4 Viderjoch 2
71%
O2 Blais Gronda
57%
B4 Greitspitzlift
57%
P1 Musella
57%
P2 Musella 1
57%
P3 Musella 2
57%
B6 Velilllift
43%
No matching quizzes found
Score Distribution
Percent of People with Each Score
Percentile by Number Answered
Your Score History
You have not taken this quiz